Quizlendrier de l'Avent #5 - Entrées et plats de Noël - Statistiques

Statistiques générales
  • Ce quiz a été pris 750 fois
  • Le résultat moyen est 8 sur 8
Statistiques - réponses
Par images Réponse % Correct
Chapon
100%
Huître
99%
Champagne
98%
Châtaigne
98%
Saumon fumé
98%
Foie gras
95%
Coquilles Saint-Jacques
89%
Homard Thermidor
84%
Aucun quiz correspondant
Distribution des résultats
% des personnes avec chaque résultat
Percentile par nombre de réponses
Votre historique - résultats
Vous n’avez pas pris ce quiz